书目信息 |
| 题名: |
非常悬念
|
|
| 作者: | 颜培金 著 | |
| 分册: | ||
| 出版信息: | 济南 山东友谊出版社 2002.09 |
|
| 页数: | 289页 | |
| 开本: | 19cm | |
| 丛书名: | 点击经典文丛 | |
| 单 册: | ||
| 中图分类: | I106.4 | |
| 科图分类: | ||
| 主题词: | 推理小说--文学评论--世界 | |
| 电子资源: | ||
| ISBN: | 7-80642-578-0 | |
| 000 | 00753nam0 2200229 45 | |
| 001 | 0311170920 | |
| 005 | 20031219104121.5 | |
| 010 | @a7-80642-578-0@dCNY22.00 | |
| 100 | @a20031117d2002 km y0chiy0120 ea | |
| 101 | 0 | @achi |
| 105 | @aa z 000yy | |
| 200 | 1 | @a非常悬念@AFei Chang Xuan Nian@e无法抗拒的情节诱惑@EWu Fa Kang Ju De Qing Jie You Huo@f颜培金著@FYan Pei Jin Zhu |
| 210 | @a济南@c山东友谊出版社@d2002.09 | |
| 215 | @a289页@c冠图,插图,附图@d19cm | |
| 225 | @a点击经典文丛@h1 | |
| 410 | @12001 @a点击经典文丛 | |
| 517 | @a无法抗拒的情节诱惑@AWu Fa Kang Ju De Qing Jie You Huo | |
| 606 | 0 | @a推理小说@x文学评论@y世界 |
| 690 | @aI106.4@v4 | |
| 701 | @a颜培金@4著 | |
| 801 | @aCN@bTSTC@c20031117 | |
| 905 | @b328213-217@dI106.4@e108:1@f5 | |
| 非常悬念:无法抗拒的情节诱惑/颜培金著.-济南:山东友谊出版社,2002.09 |
| 289页:冠图,插图,附图;19cm.-(点击经典文丛.1) |
| ISBN 7-80642-578-0:CNY22.00 |
| ● |
| 相关链接 |
|
|
|
|
正题名:非常悬念
索取号:I106.4/108:1
 
预约/预借
| 序号 | 登录号 | 条形码 | 馆藏地/架位号 | 状态 | 备注 |
| 1 | 0328213 | 203282134 | 第二借阅区/ [索取号:I106.4/108:1] | 在馆 | |
| 2 | 0328214 | 203282143 | 第二借阅区/ [索取号:I106.4/108:1] | 在馆 | |
| 3 | 0328215 | 203282152 | 第二借阅区/ [索取号:I106.4/108:1] | 在馆 | |
| 4 | 0328216 | 203282161 | 第二借阅区/ [索取号:I106.4/108:1] | 在馆 | |
| 5 | 0328217 | 203282170 | 第一样本阅览室/ [索取号:I106.4/108:1] | 在馆 |